LIBRARY & INFORMATION CENTRE, KCAET, TAVANUR

ONLINE PUBLIC ACCESS CATALOGUE (OPAC)

Hand book of Thermal analysis / (Record no. 2991)

MARC details
000 -LEADER
fixed length control field 00424cam a2200169ua 4500
041 ## - LANGUAGE CODE
Language code of text/sound track or separate title eng
082 ## - DEWEY DECIMAL CLASSIFICATION NUMBER
Classification number 543.086
Item number HAT/HA
100 ## - MAIN ENTRY--AUTHOR NAME
Personal name Hatakeyama, T .
245 00 - TITLE STATEMENT
Title Hand book of Thermal analysis /
250 ## - EDITION STATEMENT
Edition statement 1 /
260 ## - PUBLICATION, DISTRIBUTION, ETC. (IMPRINT)
Place of publication Chichester :
Name of publisher John Wiley & Sons ,
Year of publication 1998.
300 ## - PHYSICAL DESCRIPTION
Number of Pages 452 ; .
700 1# - ADDED ENTRY--PERSONAL NAME
Personal name Liu, Zhenhai .
942 ## - ADDED ENTRY ELEMENTS (KOHA)
Koha item type Books
Holdings
Withdrawn status Lost status Damaged status Home library Current library Date acquired Full call number Accession Number Koha item type
      KAUAET KAUAET 07/04/2012 543.086 20661 Reference
free website counter